01043nam1a22002411i 4500001001100000005001700011035002600028100004100054101000800095102000700103105001800110200021100128210005900339300010100398300006400499517004000563702008000603702002700683702002700710801001800737801002200755852002400777rc\292199020240726075058.0 a(NLR Aleph) 007213312 a20110813g19431949|||y0rusy50 ca0 arus aRU ay z |||||1 aСельская эстрадаeРепертуарный сборник. [Вып. 1]-fРедкол. сб.: И. Дунаевский, Б. Дьяков, С. Зимина (отв. ред.) ... [и др.] aМоскваcМолодая гвардияd1943-1949 aНа обороте тит. л.: Сост. - Всесоюз. дом нар. творчества aС вып. 9 загл.: Молодежная эстрада00aМолодежная эстрада 1aДунаевскийbИ.О.f1900-1955gИсаак Осипович4340 1aДьяковbБ.4340 1aЗиминаbС.4340 0aRUbNLRgpsbo 1aRUbELAR2rusmarc aNLRjИс70 Г-4/30